000 00902nam a22002657a 4500
005 20100515111820.0
008 100515t xxu||||| |||| 00| 0 eng d
010 _aENG-96081
020 _a9788120340107
_c525.00
035 _aEN-79614
037 _bDBAD/PUB
040 _aDPL
_bEng
082 _a629.8
100 _aOgata,Katsuhiko
_917426
245 _aModern control engineering /
_cby Katsuhiko Ogata
250 _a5th ed
260 _aNew Delhi
_bPHI Learning
_c2010
270 _aM-97, Connaught Circus,
_bNew Delhi
_e110001
300 _ax,894p.:
_c22cm (pbk)
_bill.
500 _aIncludes index
650 _aAutomatic control
_919894
650 _aControl Theory
_919895
942 _2ddc
_cEN
_mOGA
_h629.8
999 _c36092
_d36092